000 00309nam a2200145Ia 4500
100 _aNiederst/ Jennifer
942 _cBK
654 _aWeb design
245 _aWeb Design : In a Nutshell
260 _bOreilly & Ass Inc
_c1999
082 _a5.74
_bNIE
300 _a560
546 _aENGLISH
999 _c22724
_d22724